00542nam a22001817a 4500999001900000005001700019010001900036020002600055037002500081082001100106100002300117245003900140260003500179270005800214300002400272490003900296942002500335 c193868d19386820230209142939.0 aE.N.A./7.11.22 a9789394888043c995.00 bKHB Publishing House a181.46 aVivekananda, Swami aJnana-Yoga /cby Swami Vivekananda aDelhibSonam Enterprisesc2022 aB-14-15, Gali No.10, Jagatpuri Extn.,bDelhie110 093 a278 p.c22cm. (Hb)  aStrength is life:weakness is death cENh181.46mVIV2ddc